000 00927nam a2200337 i 4500
001 000038155
003 DO-SdBNP
005 20260310103928.0
007 ta
008 260410s1994 dr r 000 0 spa d
040 _aDO-SdBNP
_bspa
_cBNPHU
_erda
041 _aspa
082 4 _axxx
_bD725f
_222
100 1 _aDotel Matos, Héctor,
_eautor
_4aut.
_91202
245 1 0 _aFundamentos de derecho penal y procedimiento criminal formulario anexos /
_cHéctor Dotel Matos.
250 _aPrimera edición.
264 4 _aSanto Domingo :
_bEditora Universitaria,
_c1994
300 _a436 páginas ;
_c21 cm.
336 _atexto
_btxt
_2rdacontent
337 _asin mediación
_bn
_2rdamedia
338 _avolumen
_bnc
_2rdacarrier
590 _aInventariado, 2026/DG
650 _917089
650 _920958
650 _91711
650 _917407
650 _914444
651 _946
910 _aDG
942 _2ddc
_cLBS1
999 _c60474
_d60474